|
|
|
|
| LEADER |
01008nam a22003012a 4500 |
| 001 |
000840180 |
| 003 |
CZ BrMZK |
| 005 |
20161020073058.0 |
| 007 |
ta |
| 008 |
070202s1989 pl er|||||||||||pol d |
| 040 |
|
|
|a BOA001
|b cze
|
| 041 |
1 |
|
|a pol
|h fre
|
| 080 |
9 |
|
|a 37.037.4
|
| 080 |
9 |
|
|a 159.962
|
| 100 |
1 |
|
|a Chertok, Léon,
|d 1911-1991
|7 jn19990003825
|4 aut
|
| 245 |
1 |
0 |
|a Między wiedzą i niewiedzą :
|b studium hipnozy /
|c Léon Chertok
|
| 250 |
|
|
|a 1. wyd.
|
| 260 |
|
|
|a Warszawa :
|b Książka i Wiedza,
|c 1989
|
| 300 |
|
|
|a 327 s.
|
| 500 |
|
|
|a Přeloženo z francouzštiny
|
| 504 |
|
|
|a Obsahuje bibliografii
|
| 765 |
0 |
|
|t Hypnose entre le psychoanalyse et la biologie
|9 Polsky
|
| 910 |
|
|
|a BOA001
|b M2-0957.813
|b PK-0114.162
|
| 964 |
|
|
|a Hypnóza - studie
|
| 990 |
|
|
|a BK
|
| 991 |
|
|
|b 201604
|
| 996 |
7 |
|
|b 2619148229
|c M2-0957.813
|l MZK
|r Sklad / do 24 hodin
|n 0
|w 000840180
|u 000020
|a 1
|e BOA001
|j MZK50
|s A
|
| 996 |
6 |
|
|b BC-422499
|c PK-0114.162
|l MZK
|r Sklad / do 1 hodiny
|n 0
|w 000840180
|u 000010
|a 1
|e BOA001
|j MZK50
|s P
|